Dostoievski : los años de prueba, 1850-1859 /

Gorde:
Xehetasun bibliografikoak
Egile nagusia: Frank, Joseph (autor)
Formatua: Liburua
Hizkuntza:gaztelania
Argitaratua: México : Fondo de Cultura Económica, 1986
Gaiak:
Etiketak: Etiketa erantsi
Etiketarik gabe, Izan zaitez lehena erregistro honi etiketa jartzen!

MARC

LEADER 00000nam^a2200000^a^4500
001 000011868
005 20250521000000.0
009 20260310083800.422
020 |a 968-16-2448-3 
037 |a Acervo ITESO - Biblioteca 
041 |a ESP 
082 |a 891. 7  |b FRA 
100 |a Frank, Joseph  |e (autor) 
245 1 0 |a Dostoievski :  |b los años de prueba, 1850-1859 /  |c J. Frank. 
264 1 |a México :  |b Fondo de Cultura Económica,  |c 1986 
300 |a 444 p. 
336 |a texto  |b txt  |2 rdacontenido 
337 |a sin mediación  |b n  |2 rdamedio 
338 |a volumen  |b nc  |2 rdasoporte 
500 |a Traducción de: Dostoievski. The Years of Ordeal 1850-1859 
649 |a XX 
650 |a Literatura Rusa -  |y Siglo XIX 
650 |a Literatura Rusa -  |x Historia y Crítica 
650 |a Escritores Rusos -  |x Biografías 
650 |a Dostoievski, Fedor 
910 |a Fondo General 
920 |a Impresos - Libros 
930 |a Colección General 
940 |a Literatura 
905 |a 101 
901 |a 0118680100  |b IT1  |c LIT  |i 011868  |u 20250521 
902 |a https://opac.biblio.iteso.mx/vufind/Record/000011868